<?xml version="1.0" encoding="UTF-8"?>
<marc:record xmlns:marc="http://www.loc.gov/MARC21/slim">
   <marc:leader>00000nam a2200000 a 4500</marc:leader>
   <marc:datafield ind1="0" ind2="0" tag="245">
      <marc:subfield code="a">Lebendige Seelsorge &lt;Freiburg im Breisgau; 1950 -&gt;</marc:subfield>
   </marc:datafield>
   <marc:datafield ind1="0" ind2="0" tag="245">
      <marc:subfield code="b">Zeitschrift für alle Fragen der Seelsorge ; [in Verbindung mit Oberrheinisches Pastoralblatt mit Beiheft "Lebendige Katechese"]</marc:subfield>
   </marc:datafield>
   <marc:datafield ind1=" " ind2="1" tag="264">
      <marc:subfield code="a">Würzburg</marc:subfield>
      <marc:subfield code="b">Seelsorge-Verl., Echter</marc:subfield>
      <marc:subfield code="c">2024</marc:subfield>
   </marc:datafield>
   <marc:datafield ind1=" " ind2=" " tag="250">
      <marc:subfield code="a">75</marc:subfield>
   </marc:datafield>
   <marc:datafield ind1="1" ind2=" " tag="520">
      <marc:subfield code="a">&#x84;Weniger ist mehr&#x93;, sagt der Volksmund. Das klingt weise, bleibt aber maximal unkonkret. Stimmt es denn u¨berhaupt, dass in der Reduktion ein Gewinn liegt? Und wie verkleinert man sich, die Welt oder etwas dazwischen so, dass ein Mehrwert entstehen kann? Im neuen Themenheft der Lebendigen Seelsorge kommen Menschen zu Wort, die Erfahrungen damit haben.</marc:subfield>
   </marc:datafield>
   <marc:datafield ind1=" " ind2=" " tag="022">
      <marc:subfield code="a">03434591</marc:subfield>
   </marc:datafield>
   <marc:datafield ind1=" " ind2=" " tag="041">
      <marc:subfield code="a">ger</marc:subfield>
   </marc:datafield>
   <marc:datafield ind1="0" ind2=" " tag="490">
      <marc:subfield code="v">7501</marc:subfield>
   </marc:datafield>
</marc:record>
